Functions of Polyamines in Abiotic Stress Tolerance in Plants

Elmentve itt :
Bibliográfiai részletek
Szerzők: Pálfi Péter
Riyazuddin Riyazuddin
Bakacsy László
Szepesi Ágnes
Dokumentumtípus: Könyv része
Megjelent: Taylor & Francis Group London 2022
Sorozat:Advancements in Developing Abiotic Stress-Resilient Plants
Tárgyszavak:
mtmt:33053843
Online Access:http://publicatio.bibl.u-szeged.hu/27450
LEADER 00953naa a2200253 i 4500
001 publ27450
005 20230619085117.0
008 230619s2022 hu o 0|| Angol d
020 |a 9781003159636 
024 7 |a 33053843  |2 mtmt 
040 |a SZTE Publicatio Repozitórium  |b hun 
041 |a Angol 
100 1 |a Pálfi Péter 
245 1 0 |a Functions of Polyamines in Abiotic Stress Tolerance in Plants  |h [elektronikus dokumentum] /  |c  Pálfi Péter 
260 |a Taylor & Francis Group  |b London  |c 2022 
300 |a 21 
300 |a 97-118 
490 0 |a Advancements in Developing Abiotic Stress-Resilient Plants 
650 4 |a Biológiai tudományok 
700 0 1 |a Riyazuddin Riyazuddin  |e aut 
700 0 1 |a Bakacsy László  |e aut 
700 0 1 |a Szepesi Ágnes  |e aut 
856 4 0 |u http://publicatio.bibl.u-szeged.hu/27450/1/DrAgnes.pdf  |z Dokumentum-elérés  
856 4 0 |u http://publicatio.bibl.u-szeged.hu/27450/3/33053843_c%C3%ADmlap_tartalom.pdf  |z Dokumentum-elérés